[Event "22nd OIBM 2018"]
[Site "Gmund am Tegernsee"]
[Date "2018.11.02"]
[Round "7"]
[White "Martinovic, Sasa"]
[Black "Miller, Eduard"]
[Result "0-1"]
[WhiteElo "2555"]
[BlackElo "2383"]
[Annotator "TA"]
[PlyCount "166"]
[EventDate "2018.10.27"]
[EventType "swiss"]
[EventCountry "GER"]
[SourceTitle "playchess.com"]
[Source "ChessBase"]
[SourceQuality "1"]

{[%evp 15,166,32,43,37,58,52,69,69,64,61,102,94,85,70,70,70,65,64,65,67,78,74,72,63,66,49,70,63,84,84,87,74,81,51,93,92,93,70,75,70,67,67,70,70,77,77,70,55,63,45,99,97,99,98,98,97,101,101,101,89,91,91,87,88,85,70,86,0,0,0,0,0,8,0,0,0,11,8,8,0,0,0,0,0,0,0,0,0,0,0,0,0,0,0,0,-23,-23,-23,-23,-33,-33,-33,-33,-42,-33,-43,-42,-46,-47,-50,-54,-81,-73,-73,-73,-101,-68,-120,-120,-115,-106,-113,-73,-120,-120,-131,-142,-142,-120,-125,-119,-279,-274,-260,-260,-290,-245,-396,-299,-299,-298,-291,-278,-825,-778,-644,-640,-1400,-1116,-29983,-29984,-29984,-29985]} 1. d4 d5 2. c4 e6 3. Nf3 Nf6 4. e3 c5 5. cxd5 exd5 6. Bb5+ Nc6 7. O-O a6 {D30: Damengambit (ohne Sc3)} 8. Bxc6+ bxc6 {LiveBook: 11 Partien} 9. Qc2 Bd6 $146 {Weiß steht etwas besser.} ({Vorgänger:} 9... Qb6 10. Nc3 cxd4 11. Na4 Qc7 12. exd4 Bd6 13. Re1+ Ne4 14. Nc5 f5 15. Nd3 {½-½ (53) Kramnik,V (2783)-Nakamura,H (2776) Zuerich 2015}) 10. dxc5 Bb8 11. Nbd2 O-O 12. b3 Ne4 13. Nxe4 Bf5 14. Bb2 {[#] Und weiter mit Dc3 wäre nett.} Bxe4 15. Qc3 {[%csl Gb2][%cal Rc3g7]} f6 16. Nd4 {Und f3 würde nun gewinnen.} Be5 17. Qd2 Qc7 18. f3 Bxd4 19. Qxd4 Bg6 20. Rae1 Rfe8 21. Rf2 Qa5 22. Bc3 Qb5 23. Rd2 Re7 24. Kf2 Rae8 25. Qb4 Rb8 26. Qf4 Rbe8 27. g4 a5 28. Bd4 Qb4 29. Ree2 Qb8 30. Qxb8 Rxb8 31. Rb2 h5 32. h3 hxg4 ({Lieber} 32... h4 $14) 33. hxg4 $16 Reb7 34. Ke1 Kf7 35. Rh2 a4 36. bxa4 Rxb2 37. Bxb2 {[%mdl 4096] Endspiel KTL-KTL} Ra8 38. Bd4 Rxa4 39. Rb2 Bd3 40. f4 Bc4 41. f5 ({Besser ist} 41. Rb7+ $16 Kg6 42. g5) 41... Rxa2 $11 42. Rb7+ Kf8 43. g5 {Droht Tb8+ und aus.} Bd3 44. Rb8+ Ke7 $1 45. Rb7+ Kf8 46. gxf6 gxf6 47. Rb6 Bb5 48. Rb8+ Kf7 49. Rb7+ Kf8 50. Bxf6 Re2+ 51. Kf1 Rxe3+ 52. Kf2 Rh3 53. Bg7+ Kg8 $1 54. Ba1 Rh1 55. Rb8+ Kf7 56. Rb7+ Ke8 57. Be5 Rf1+ 58. Kg3 Rxf5 59. Bd4 Rf1 60. Rh7 Kd8 61. Rh4 Kc8 62. Rh7 Rd1 63. Rh4 Kb7 64. Bf2 Ka6 65. Rd4 Rc1 66. Rb4 (66. Rd2 $15) 66... Ka5 $17 67. Rh4 Bc4 68. Kf4 Rc2 69. Bd4 Re2 70. Be3 Kb4 71. Kf3 Rc2 72. Rh6 Bb5 73. Rg6 $2 {[#]} (73. Rh4+ $17 {ist eine bessere Verteidigung.} Bc4 74. Kf4) 73... Kc3 $1 $19 74. Rd6 Ra2 75. Rd8 Ra7 76. Bg5 $2 (76. Bf2) 76... Rf7+ 77. Ke3 Kc4 78. Kd2 d4 79. Rh8 $2 (79. Bh4) 79... Rf2+ 80. Ke1 Rg2 81. Be7 Kc3 82. Bf6 Rg1+ 83. Kf2 Rf1+ {Precision: Weiß = 52%, Schwarz = 72%.} 0-1

[Event "22nd OIBM 2018"]
[Site "Gmund am Tegernsee"]
[Date "2018.11.02"]
[Round "7"]
[White "Kulaots, Kaido"]
[Black "Pezerovic, Edin"]
[Result "1-0"]
[WhiteElo "2546"]
[BlackElo "2420"]
[Annotator "TA"]
[PlyCount "67"]
[EventDate "2018.10.27"]
[EventType "swiss"]
[EventCountry "GER"]
[SourceTitle "playchess.com"]
[Source "ChessBase"]
[SourceQuality "1"]

{[%evp 13,67,39,22,12,17,13,39,33,55,39,44,14,33,20,20,25,80,29,17,22,62,49,59,62,72,58,115,122,110,106,166,178,265,231,229,221,286,286,260,235,403,416,428,265,516,482,534,512,747,734,1304,1295,1201,891,941,936]} 1. e4 c6 2. d4 d5 3. e5 c5 4. dxc5 e6 5. Nf3 Bxc5 6. a3 {B12: Caro-Kann: Advance Variation} Nc6 {[%cal Bb8c6,Bc6e7,Be7g6,Bg6f4][%mdl 32]} (6... Nd7 7. Bd3 f6 8. b4 Be7 9. Bb2 fxe5 10. Nxe5 Nxe5 11. Bxe5 Bf6 12. O-O Nh6 13. Bxf6 Qxf6 {1-0 (70) Jakovenko,D (2735)-Fedoseev,V (2706) Poikovsky 2018}) 7. b4 Bb6 {LiveBook: 111 Games} 8. b5 {The position is equal.} Nce7 $146 ({Predecessor:} 8... Nb8 9. Bd3 Nd7 10. O-O Ne7 11. a4 Ng6 12. Qe2 a6 13. c4 dxc4 14. Bxg6 hxg6 15. Nc3 O-O {½-½ (15) Holroyd,K (2481)-Ruefenacht,M (2473) ICCF email 2014}) 9. a4 Qc7 10. Bd3 Ba5+ 11. Bd2 Ng6 12. Bxa5 Qxa5+ 13. Qd2 Qxd2+ 14. Nbxd2 Nh6 (14... f6 $11) 15. c4 ({Better is} 15. O-O $16) 15... Nf4 $11 16. Bf1 $36 {[%mdl 2048] Black is under pressure.} a6 17. b6 O-O 18. g3 Ng6 19. Bd3 dxc4 (19... Ne7 $14) 20. Nxc4 $16 Bd7 21. Nd4 Rac8 (21... Ng4 $16) 22. O-O $18 Rfd8 (22... Nf5 $142) 23. Nd6 Nxe5 24. Be4 Rb8 {[#] aiming for ...Bxa4!} 25. Nxb7 Rdc8 26. a5 Rc4 $2 (26... Nc4 {might work better.} 27. Rfd1 Ng4) 27. Rfd1 Ba4 28. Rd2 f5 $2 {[#]} (28... Nf5) 29. Bg2 {White is clearly winning.} Rbc8 30. h3 f4 31. gxf4 Ng6 32. Nd6 Rc1+ 33. Rxc1 Rxc1+ 34. Kh2 {Precision: White = 78%, Black = 21%.} 1-0

[Event "22nd OIBM 2018"]
[Site "Gmund am Tegernsee"]
[Date "2018.11.02"]
[Round "7"]
[White "Halkias, Stelios"]
[Black "Carow, Johannes"]
[Result "1/2-1/2"]
[WhiteElo "2544"]
[BlackElo "2439"]
[Annotator "TA"]
[PlyCount "83"]
[EventDate "2018.10.27"]
[EventType "swiss"]
[EventCountry "GER"]
[SourceTitle "playchess.com"]
[Source "ChessBase"]
[SourceQuality "1"]

{[%evp 22,83,43,39,45,57,45,39,39,29,36,43,64,49,33,29,37,27,58,55,80,77,93,77,85,77,77,74,78,91,76,72,97,91,118,121,122,138,129,98,105,70,75,47,82,12,48,42,33,42,45,23,27,9,15,12,16,2,6,6,4,2,8,8]} 1. c4 g6 2. Nf3 Bg7 3. d4 Nf6 4. g3 O-O 5. Bg2 d5 6. O-O Nc6 7. Na3 {[%cal Bb1a3,Ba3c4,Bc4e3][%mdl 32]} dxc4 8. Nxc4 Be6 9. b3 Bd5 10. Bb2 a5 11. Ne3 Be4 {D77: Grünfeldindisch (Fianchetto 6.0-0 nicht 6..c6)} 12. a3 {LiveBook: 56 Partien} Na7 $146 {[%cal Bc6a7,Ba7b5,Bb5d6][%mdl 32]} ({Vorgänger:} 12... Ne8 13. Ne5 Bxg2 14. Nxg2 Nxe5 15. dxe5 c6 16. Qxd8 Rxd8 17. Rfd1 Nc7 18. Ne3 Ne6 19. Nc4 {1-0 (52) Giri,A (2737)-Li,C (2693) Tromsoe 2013}) 13. Nc4 Nb5 {Weiß steht etwas besser.} 14. a4 Nd6 15. Re1 c6 16. Rc1 Qb8 17. Nfe5 Bxg2 18. Kxg2 Rd8 19. e3 {[%cal Be2e3,Be3e4][%mdl 32]} Qc7 20. Qf3 Nf5 21. Red1 Nd7 22. e4 Bxe5 23. dxe5 Ng7 24. Qe3 b5 25. axb5 cxb5 {[#]} 26. Na3 $1 Qb7 {[#]} 27. Rd5 $1 a4 28. Rxb5 Qa7 29. Qxa7 Rxa7 30. bxa4 Rxa4 31. Rd5 Ne6 32. Rcd1 Nef8 33. Nb5 (33. R1d4 $16 Ra7 34. Nc4) 33... Rxe4 34. Bd4 {Und weiter mit Sc3 wäre nett.} Re2 35. Be3 {zielt auf Sd4 ab.} Rb2 36. Nd4 {Sc6 ist eine echte Drohung.} Rc8 37. e6 Nf6 {Die Stellung ist ausgeglichen.} 38. exf7+ Kxf7 39. Rb5 Rxb5 40. Nxb5 Ne6 41. h3 Rd8 42. Rxd8 {Precision: Weiß = 63%, Schwarz = 61%.} 1/2-1/2

[Event "22nd OIBM 2018"]
[Site "Gmund am Tegernsee"]
[Date "2018.11.02"]
[Round "7"]
[White "Chanda, Sandipan"]
[Black "Slugin, Sergey"]
[Result "1/2-1/2"]
[WhiteElo "2535"]
[BlackElo "2362"]
[Annotator "TA"]
[PlyCount "53"]
[EventDate "2018.10.27"]
[EventType "swiss"]
[EventCountry "GER"]
[SourceTitle "playchess.com"]
[Source "ChessBase"]
[SourceQuality "1"]

{[%evp 13,53,32,100,95,105,93,108,77,67,60,215,239,247,45,62,55,91,-93,0,-126,-133,-149,-147,-172,-189,-236,0,0,0,0,0,0,0,0,0,0,0,0,0,0,0,0]} 1. d4 g6 2. c4 Bg7 3. Nc3 d6 4. e4 e5 5. Nf3 Nc6 6. d5 Nce7 7. Be2 Nh6 {LiveBook: 3 Games. A42: Modern Defence: Averbakh Variation} (7... f5 $14) (7... Nf6 8. O-O O-O 9. Ne1 Ne8 10. Be3 f5 11. f3 f4 12. Bf2 g5 13. c5 h5 14. a4 Rf6 15. a5 Rg6 16. Nb5 a6 17. cxd6 Nxd6 18. Nxd6 cxd6 19. Bb6 Qe8 20. Rc1 g4 21. Kh1 g3 22. Rc7 gxh2 23. Rf2 {1-0 (91) Ragger,M (2687)-Andriasian,Z (2594) Minsk 2015}) 8. h4 $16 {[%cal Bh2h4,Bh4h5][%mdl 32]} f5 9. h5 Nf7 $146 {White is better.} ({Predecessor:} 9... f4 10. g3 O-O 11. gxf4 exf4 12. Bd2 Ng4 13. Qc1 Ne5 14. Qc2 Nxf3+ 15. Bxf3 {0-1 (57) Leitner,G (2215)-Fahrner,K (2314) Austria 2011}) 10. Ng5 Nxg5 11. Bxg5 O-O $2 (11... h6 $1 $14 12. Bxe7 Qxe7) 12. hxg6 $18 hxg6 13. Bh5 $2 (13. exf5 $18 Qe8 14. Nb5 Rxf5 15. Qd2 (15. Nxc7 Qd8 $16)) 13... gxh5 $14 14. Qxh5 {Hoping for Qh7+.} Rf7 {Threatens to win with ...Qd7.} 15. O-O-O $2 {[#]} (15. Qh7+ $16 {and life is bright.} Kf8 16. Qh8+ $1 {[%mdl 512]} Bxh8 17. Rxh8+ Ng8 18. Bxd8) 15... Bd7 (15... Qd7 $1 $17 16. Bh6 Kf8) 16. Rh4 (16. Rd3 $11 {remains equal.} Kf8 17. exf5 Rxf5 18. Rg3) 16... Qe8 $17 17. Rdh1 {Black must now prevent Bxe7.} Kf8 18. f4 exf4 19. Ne2 Nxd5 $2 ({Black should play} 19... fxe4 $19 {...f3 is the strong threat.} 20. Nxf4 Rf5) 20. exd5 $11 {The position is equal.} Qe3+ 21. Kd1 Qd3+ 22. Ke1 Re8 {[#]} 23. Qh8+ $3 {[%mdl 512]} Bxh8 24. Rxh8+ Kg7 {[%csl Ge8][%cal Rd3e2]} 25. R8h7+ $1 Kg8 {[%csl Ge8][%cal Rd3e2]} 26. Rh8+ Kg7 {[%csl Ge8][%cal Rd3e2]} 27. R8h7+ $1 {Precision: White = 39%, Black = 26%.} 1/2-1/2

[Event "22nd OIBM 2018"]
[Site "Gmund am Tegernsee"]
[Date "2018.11.02"]
[Round "7"]
[White "Zanan, Evgeny"]
[Black "Bernabeu Lopez, Carlos Javier"]
[Result "1-0"]
[WhiteElo "2514"]
[BlackElo "2353"]
[Annotator "TA"]
[PlyCount "131"]
[EventDate "2018.10.27"]
[EventType "swiss"]
[EventCountry "GER"]
[SourceTitle "playchess.com"]
[Source "ChessBase"]
[SourceQuality "1"]

{[%evp 17,131,7,19,-3,14,-10,25,23,66,70,69,69,63,58,52,54,60,57,55,54,60,55,90,93,91,93,91,74,103,78,84,78,104,83,98,98,93,92,159,150,197,196,189,189,185,183,182,180,294,302,280,115,130,131,129,101,129,0,122,116,123,116,126,103,122,122,130,130,238,133,126,0,248,248,241,234,223,207,347,329,482,477,447,440,577,513,505,479,459,464,437,410,476,458,458,450,676,676,676,593,586,560,2073,2004,1851,1624,1333,1158,5185,984,29948,5115,29973,29974,29975,29976]} 1. d4 Nf6 2. c4 e6 3. g3 d5 4. Bg2 Bb4+ 5. Bd2 Be7 6. Nf3 O-O 7. O-O Nbd7 8. Bf4 c6 9. Qb3 Ne4 {LiveBook: 7 Games. E07: Closed Catalan: Main Line (5 Nf3 0-0 6 0-0 Nbd7)} (9... a5 10. Rd1 Nh5 11. Bc1 Nhf6 12. Nbd2 b5 13. c5 b4 14. Qc2 a4 15. Re1 e5 16. Nxe5 Nxe5 17. dxe5 {1-0 (33) Caruana,F (2784)-So,W (2799) Berlin 2018}) 10. Nfd2 Nd6 11. Rd1 $146 ({Predecessor:} 11. Nc3 Nf5 12. Nf3 Bf6 13. cxd5 exd5 14. Qd1 Re8 15. Re1 Be7 16. e4 dxe4 17. Nxe4 {½-½ (85) Chloupek,S (2310)-Shcherbakov,R (2510) Mlada Boleslav 1994}) 11... Qb6 {The position is equal.} 12. Qc3 {Hoping for c5.} Nxc4 13. Nxc4 dxc4 14. Nd2 Qb4 15. Qc2 Nb6 16. a3 Qb5 17. a4 Qa5 18. Nxc4 Nxc4 19. Qxc4 Qb4 20. Qxb4 Bxb4 21. a5 a6 22. Bc7 Bd7 23. e4 Rac8 24. Bb6 Bd6 25. Rac1 Bc7 26. Bc5 Rfd8 27. b4 Be8 ({Black should play} 27... f6) 28. d5 $1 $16 cxd5 29. exd5 {Black must now prevent Be7.} Ba4 30. Re1 exd5 31. Be7 Re8 32. Bh3 Bc6 (32... d4 {was worth a try.}) 33. Bxc8 $18 Rxc8 {[#]} 34. Bc5 (34. b5 $1 $18 {[%cal Rb5c6] is the precise move to win.} axb5 {[#]} 35. a6 $1 {[%mdl 512]}) 34... h6 35. f4 Kh7 36. Re7 Kg8 37. Ree1 Kh7 $1 38. Kf2 Kg6 39. Rcd1 Bd8 40. Bb6 Bf6 41. Bd4 Bd8 42. Rc1 Bc7 (42... Rb8 $16 43. h4 h5) 43. Be5 ({Better is} 43. Re7 $18) 43... Bd8 $16 44. Bd4 (44. Re3 $16) 44... Bc7 $1 $18 45. Re7 Bd6 46. f5+ $1 Kxf5 47. Rxf7+ Ke4 (47... Ke6 {might work better.} 48. Rxg7 Rf8+ 49. Kg2 Bxb4) 48. Bxg7 Rg8 (48... Rc7 {was necessary.} 49. Rxc7 Bxc7 50. Bxh6 Bd6) 49. Rd1 {[%csl Gg7][%cal Rd1d4]} Rxg7 50. Rxg7 h5 51. Rf7 d4 52. Rf6 Bxb4 53. Rf4+ Ke5 54. Rdxd4 Bxa5 {Now ...Bb6 and Black clings on.} 55. Rc4 {Rc5+ is the strong threat.} Bb6+ 56. Ke1 a5 (56... Ba5+ $142 57. Kd1 Bb6) 57. Rxc6 bxc6 {[%mdl 4096] Endgame KR-KB} 58. Rh4 Bd4 59. Rxh5+ Ke4 {If only Black now had time for ...Kd3....} 60. Kd2 c5 61. Kc2 a4 62. h4 {[%cal Bh2h4,Bh4h5][%mdl 32]} Kf3 63. Rg5 c4 64. Rd5 (64. h5 $142 Be3 65. Rg6 a3 66. Rc6 a2 67. Kb2 a1=R 68. Kxa1 Ke4 69. Rxc4+ Kf5 70. g4+ Kg5 71. Rc6) 64... Ke4 65. Ra5 Be5 66. h5 {Precision: White = 65%, Black = 34%.} 1-0

[Event "22nd OIBM 2018"]
[Site "Gmund am Tegernsee"]
[Date "2018.11.02"]
[Round "7"]
[White "Stefansson, Hannes"]
[Black "Weber, Ulrich"]
[Result "1-0"]
[WhiteElo "2502"]
[BlackElo "2347"]
[Annotator "TA"]
[PlyCount "69"]
[EventDate "2018.10.27"]
[EventType "swiss"]
[EventCountry "GER"]
[SourceTitle "playchess.com"]
[Source "ChessBase"]
[SourceQuality "1"]

{[%evp 17,69,27,24,14,35,31,45,53,49,50,41,17,72,65,57,39,50,45,125,126,129,129,124,130,130,122,137,136,215,224,251,251,251,251,251,251,290,268,329,322,464,409,470,481,461,443,442,452,472,343,619,602,563,554]} 1. d4 Nf6 2. c4 g6 3. Nf3 Bg7 4. g3 c6 5. Bg2 d5 6. Qb3 O-O 7. O-O e6 8. Nc3 Nbd7 9. Bf4 {D78: Fianchetto Grünfeld: 6 0-0 c6} Re8 {LiveBook: 7 Games} (9... b6 10. cxd5 exd5 11. Rfe1 Bb7 12. a4 c5 13. Bd6 c4 14. Qa3 Re8 15. Nd2 Rc8 16. a5 h5 {1-0 (78) Gordievsky,D (2622)-Korobov,A (2652) Wijk aan Zee 2018}) 10. Rad1 h6 $146 ({Predecessor:} 10... Nh5 11. Bc1 Qc7 12. e4 dxc4 13. Qxc4 Nb6 14. Qc5 Bf8 15. Qa5 Nd5 16. Qxc7 Nxc7 {1-0 (57) Brunello,S (2475)-Walker,D (1968) Glasgow 2008}) 11. Rfe1 {White is slightly better.} g5 12. Bc1 Ne4 13. h4 g4 {[#] ...Nxc3 is the strong threat.} 14. Ne5 {[%cal Bf3e5,Be5g6,Bg6f4][%mdl 32]} Nxc3 (14... Nxe5 $11 15. dxe5 Nc5) 15. Qxc3 $16 f5 16. Ng6 Qf6 17. Nf4 $36 {[%mdl 2048] White has some pressure.} Nb6 (17... Qf7 $14) 18. Nh5 Qf7 19. Nxg7 Qxg7 20. b3 Kh7 21. Qc2 Bd7 22. Bf4 Rg8 (22... h5 $16 23. Qc3 Bc8) 23. e4 $18 Qf7 24. exf5 exf5 25. c5 Nc8 26. Qd2 Rg6 27. Re3 h5 28. Rde1 {[%cal Bd1e1,Be1e2,Be2e3][%mdl 32]} Be6 (28... b6 $142 29. Bf1 bxc5 30. dxc5 a5) 29. R1e2 Bd7 30. Qb4 a5 31. Qxb7 Ra7 32. Qb8 Re6 33. Bf1 Rxe3 $2 {[#]} (33... Re4 34. Rd2 Kg8) 34. Rxe3 Be6 35. Bg5 {Precision: White = 76%, Black = 41%.} 1-0

[Event "22nd OIBM 2018"]
[Site "Gmund am Tegernsee"]
[Date "2018.11.02"]
[Round "7"]
[White "Repka, Christopher"]
[Black "Schuster, Karsten"]
[Result "1-0"]
[WhiteElo "2494"]
[BlackElo "2283"]
[Annotator "TA"]
[PlyCount "73"]
[EventDate "2018.10.27"]
[EventType "swiss"]
[EventCountry "GER"]
[SourceTitle "playchess.com"]
[Source "ChessBase"]
[SourceQuality "1"]

{[%evp 14,73,31,31,28,21,64,33,110,118,129,120,124,125,123,106,141,104,145,91,104,91,119,117,108,108,121,96,173,124,138,153,138,0,135,102,150,111,120,111,111,111,111,111,255,220,227,228,518,502,555,539,558,548,29990,29991,29991,29992,29992,29993,29993,29994]} 1. d4 d5 2. c4 c6 3. Nc3 Nf6 4. Nf3 a6 5. Ne5 Nbd7 6. Bf4 e6 7. e3 {D15: Slav Defence: 4 Nc3 a6 and gambit lines after 4 Nc3 dxc4} Nxe5 8. Bxe5 {LiveBook: 21 Games} b5 (8... Be7 9. Qc2 O-O 10. O-O-O b5 11. c5 Nd7 12. Bg3 e5 13. Bd3 h6 14. Bh7+ Kh8 {½-½ (57) Istratescu,A (2596)-Karthikeyan,M (2530) London 2016}) 9. c5 $146 {White has an edge.} ({Predecessor:} 9. cxd5 cxd5 10. Bd3 Be7 11. O-O O-O 12. a4 b4 13. Na2 Ne8 14. Qe2 f6 15. Bg3 Bb7 16. Nc1 Nd6 17. Nb3 Ne4 18. Rfc1 e5 19. Bxe4 dxe4 20. dxe5 {1-0 (46) Shavtvaladze,N (2429)-Markidis,K (2368) Thessaloniki 2003}) 9... a5 10. Bd3 (10. Bxb5 $5 cxb5 11. Nxb5 $16) 10... Ba6 ({Black should play} 10... Be7 $14) 11. a4 $16 {[%cal Ra4b5]} b4 {White must now prevent ...Bxd3.} 12. Bxa6 Rxa6 {[#]} 13. Nb5 $1 {[%cal Rb5c7] aiming for Nc7+.} Kd7 14. O-O Ra8 15. Qe2 Ne8 16. e4 ({White should try} 16. Rfc1) 16... Kc8 17. Rfc1 {And now Nd6+! would win.} Kb7 18. Rc2 Qd7 19. Rac1 h5 20. h4 Rh7 (20... Rc8 $16) 21. Bf4 g6 22. Nd6+ Ka7 23. Nb5+ Kb7 $1 24. Qf3 Rd8 25. exd5 exd5 26. Re2 Ng7 27. Nd6+ Bxd6 28. cxd6 ({Reject} 28. Bxd6 $6 Nf5 $11) 28... Nf5 (28... Ne6 $16 {is a better defense.}) 29. Qd3 $18 Nxd6 {[#]} 30. Rec2 $1 {[%cal Rc2c6]} Qf5 $2 (30... Rc8 31. Qf1 Rhh8) 31. Qf3 f6 {With the idea ...g5.} 32. Rxc6 Rhd7 {intending ...g5.} 33. R1c5 g5 34. Qe2 {White mates.} Nc4 35. Rxc4 dxc4 36. Qxc4 {[%csl Gc6][%cal Rc4a6]} Ra8 {[#]} 37. Be5 $1 {[%mdl 512] Precision: White = 72%, Black = 38%.} 1-0

[Event "22nd OIBM 2018"]
[Site "Gmund am Tegernsee"]
[Date "2018.11.02"]
[Round "7"]
[White "Baldauf, Marco"]
[Black "Zeier, Klaus"]
[Result "1-0"]
[WhiteElo "2472"]
[BlackElo "2228"]
[Annotator "TA"]
[PlyCount "85"]
[EventDate "2018.10.27"]
[EventType "swiss"]
[EventCountry "GER"]
[SourceTitle "playchess.com"]
[Source "ChessBase"]
[SourceQuality "1"]

{[%evp 29,85,27,46,50,60,54,61,67,73,67,89,103,96,63,56,45,168,159,116,104,90,54,59,-31,159,64,91,23,94,-149,50,26,159,153,164,170,155,174,395,197,174,152,166,166,156,151,220,201,228,153,319,312,556,555,29989,29990,29990,29991]} 1. d4 Nf6 2. c4 e6 3. Nc3 Bb4 4. f3 d5 5. a3 Bxc3+ 6. bxc3 O-O 7. cxd5 exd5 8. e3 c5 9. Bd3 b6 10. Ne2 Ba6 11. O-O Bxd3 12. Qxd3 Re8 13. Ng3 Nc6 {[%cal Bb8c6,Bc6a5,Ba5c4][%mdl 32]} 14. Bb2 cxd4 {E49: Nimzo-Indian: Rubinstein: 5 Bd3 d5 6 a3 Bxc3+ 7 bxc3} (14... h5 15. Rae1 h4 16. Nf5 h3 17. gxh3 Ne7 18. dxc5 bxc5 19. c4 dxc4 20. Nxe7+ Qxe7 21. Qxc4 Rab8 22. Rf2 {0-1 (40) Navara,D (2740)-Alekseev,E (2616) Katowice 2017}) 15. cxd4 Na5 {LiveBook: 3 Games} 16. e4 Nd7 $146 {White is slightly better.} ({Predecessor:} 16... Nc4 17. Bc1 b5 18. e5 Nd7 19. f4 Qb6 20. Kh1 a5 21. f5 {1-0 (35) Mateus,A (2293)-Rios Parra,A (2323) Bagre 2018}) 17. e5 Nc4 18. Bc3 b5 19. f4 {[%cal Bf3f4,Bf4f5,Bf5f6][%mdl 32]} Qb6 20. Qf3 Rac8 21. Kh1 Qc6 22. Be1 Ndb6 (22... f6 $14) 23. f5 Qh6 24. f6 g6 25. Bb4 Qg5 26. Rae1 (26. Rab1 $14) 26... Re6 $2 {[#]} (26... a5 $15 {keeps the upper hand.} 27. Bc3 Na4) 27. Rf2 (27. Ne2 $1 $16) 27... h5 $14 28. Rc2 (28. Qd3 $16) 28... Qh4 (28... a5 $11 29. Be7 Rc7) 29. Bc5 $2 (29. h3 $16) 29... Qg4 $2 (29... Nd7 $17 30. Bxa7 Ra6) 30. Qf2 a6 {[#]} (30... Qh4 $11 {remains equal.}) 31. Ne2 $1 $16 Nd7 32. Be7 Rec6 33. Rc3 Kh7 $2 (33... h4 34. Rh3 Nd2) 34. h3 (34. Rg3 $142 Qe6 35. Qf4) 34... Qg5 $18 35. Nf4 $36 {[%mdl 2048] And now e6 would win. Black is under strong pressure.} Ncxe5 36. Rg3 Rc2 37. Ne2 ({Not} 37. Rxg5 Rxf2 38. dxe5 Rxf4 $15) ({Avoid the trap} 37. Nxd5 $2 Ng4 $19) 37... Qh4 38. dxe5 Nxe5 {Strongly threatening ...Nd3!} 39. Bd6 Ng4 $2 (39... Re8 $16) 40. Qa7 Qxf6 $2 (40... Nh6) 41. hxg4 Qxd6 42. Qxf7+ Kh8 43. Nf4 {Precision: White = 49%, Black = 19%.} 1-0

[Event "22nd OIBM 2018"]
[Site "Gmund am Tegernsee"]
[Date "2018.11.02"]
[Round "7"]
[White "Perske, Thore"]
[Black "Pieper, Thomas, Dr."]
[Result "1/2-1/2"]
[WhiteElo "2454"]
[BlackElo "2213"]
[Annotator "TA"]
[PlyCount "98"]
[EventDate "2018.10.27"]
[EventType "swiss"]
[EventCountry "GER"]
[SourceTitle "playchess.com"]
[Source "ChessBase"]
[SourceQuality "1"]

{[%evp 12,98,12,3,13,-14,-1,-31,-18,-20,-31,-27,-49,-60,-2,-31,0,12,8,0,13,-75,-61,-60,-31,-91,-97,-153,-145,-146,-117,-135,-102,-103,-91,-274,-211,-211,-215,-250,-237,-272,-278,-274,-282,-250,-156,-161,-164,-144,-147,-156,-135,-214,-173,-174,-174,-188,-159,-159,-159,-158,-159,-169,-160,-168,-140,-170,-156,-175,-171,-222,-228,-221,-96,-88,-80,-160,-77,-80,0,0,0,0,0,0,0,0,0]} 1. e4 e5 2. Nf3 Nc6 3. Bb5 Nf6 4. d3 Bc5 5. Bxc6 dxc6 6. Qe2 {C65: Ruy Lopez: Berlin Defence (3...Nf6), unusual lines and 4 0-0 Bc5} Nd7 7. Be3 {LiveBook: 15 Games} O-O $146 ({Predecessor:} 7... Bd6 8. Nbd2 c5 9. Nc4 O-O 10. O-O Re8 11. Nfd2 Nf8 12. Nxd6 cxd6 13. f4 exf4 14. Bxf4 {0-1 (67) Kuzubov,Y (2652)-Wang,H (2702) Tbilisi 2017}) 8. Bxc5 Nxc5 9. Nxe5 Qg5 (9... Qf6 $5 {[%cal Rf6e5]} 10. d4 Ne6 $15) 10. Nc4 Qxg2 11. Qf1 Qf3 12. Nbd2 Qf4 (12... Qf6 $1 $15 13. e5 Qf4) 13. Qg1 a5 14. Qg3 Ne6 15. Ne3 a4 16. Ng2 (16. a3 $11) 16... Qf6 $17 17. e5 $1 {[%cal Re5f6]} Qf5 18. f4 (18. O-O-O $15) 18... Nd4 19. Ne3 (19. Rc1 $142) 19... Qh5 $36 {[%csl Gd4][%cal Rh5e2][%mdl 2048] Keeping White busy.} 20. Qf2 f6 21. c3 Ne6 ({Worse is} 21... fxe5 22. cxd4 exd4 23. Nec4 $14) 22. exf6 Rxf6 23. Ng2 $2 (23. f5 $17 {is a better defense.} Nc5 24. O-O) 23... Nxf4 24. Nxf4 Qe5+ 25. Qe2 Qxf4 26. Ne4 Rf8 27. Rf1 Qh4+ 28. Kd2 Bh3 29. Rxf8+ Rxf8 30. Rg1 {[#]} c5 $1 {[%mdl 512]} 31. Qe3 (31. Nxc5 Rf2) 31... b6 32. c4 (32. Qg3 $17 Qxg3 33. Rxg3) 32... Bd7 33. Qg3 Qxg3 34. hxg3 $19 {[%mdl 4096] Endgame KRB-KRN} Bc6 35. Ke3 h6 36. Rb1 Kf7 37. b4 axb3 38. axb3 Ra8 39. b4 cxb4 40. Rxb4 Re8 41. Rb1 (41. c5 $142) 41... Bxe4 42. dxe4 {KR-KR} Ra8 (42... Re5 $19 {and Black stays clearly on top.} 43. Rb2 Rg5) 43. c5 $17 Ra3+ 44. Kf4 {[#]} (44. Kf2 $142) 44... bxc5 (44... g5+ $142 $1 45. Kf5 Rxg3 46. cxb6 Rf3+ 47. Kg4 Rf4+ 48. Kg3 cxb6 49. Rxb6 h5) 45. Rb7 {[#]} Rc3 (45... Ke6 $1 $17 {[%cal Re6d6] ...Kd6 is the strong threat.} 46. Rxc7 g5+ 47. Kg4 Rc3 48. Rc6+ Ke5 49. Rxh6 c4) 46. Rxc7+ $11 {The position is equal.} Kf6 47. Rc6+ Kf7 48. Rc7+ Kf6 49. Rc6+ Kf7 {Precision: White = 34%, Black = 64%.} 1/2-1/2